Deutschlands Großstädte ohne Profifußball - Statistiken

Allgemein
  • Dieses Quiz wurde 109 mal gespielt
  • Das Durchschnittsergebnis liegt bei 15 aus 25
Antwortstatistiken
Stadt Einwohner Bundesland % Korrekt
Bonn 336.000 Nordrhein-Westfalen
90%
Bremerhaven 115.000 Bremen
77%
Koblenz 115.000 Rheinland-Pfalz
74%
Heidelberg 162.000 Baden-Württemberg
71%
Ludwigshafen am Rhein 180.000 Rheinland-Pfalz
71%
Herne 157.000 Nordrhein-Westfalen
64%
Hagen 197.000 Nordrhein-Westfalen
63%
Hamm 183.000 Nordrhein-Westfalen
63%
Solingen 165.000 Nordrhein-Westfalen
62%
Heilbronn 133.000 Baden-Württemberg
59%
Siegen 103.000 Nordrhein-Westfalen
58%
Hanau 105.000 Hessen
57%
Pforzheim 131.000 Baden-Württemberg
57%
Göttingen 120.000 Niedersachsen
56%
Salzgitter 107.000 Niedersachsen
56%
Erlangen 120.000 Bayern
55%
Recklinghausen 121.000 Nordrhein-Westfalen
55%
Mülheim an der Ruhr 175.000 Nordrhein-Westfalen
53%
Reutlingen 117.000 Baden-Württemberg
53%
Hildesheim 105.000 Niedersachsen
52%
Neuss 162.000 Nordrhein-Westfalen
51%
Bottrop 118.000 Nordrhein-Westfalen
50%
Moers 106.000 Nordrhein-Westfalen
50%
Bergisch Gladbach 114.000 Nordrhein-Westfalen
49%
Remscheid 115.000 Nordrhein-Westfalen
49%
Keine übereinstimmenden Quizze gefunden
Verteilung der Resultate
Anzahl Personen mit jedem Resultat
Perzentil nach korrekt beantworteten Fragen
Ihre Resultats-Entwicklung
Sie haben dieses Quiz noch nicht gespielt